000 00699nam a2200181Ii 4500
008 221202s xx 000 0 und d
100 1 _aKamae, Katsuhiro,
_eauthor
245 0 _aEarthquakes, Tsunamis and Nuclear Risks
264 1 _aCham
_bSpringer Nature
_c2015
300 _a1 online resource (177 pages)
336 _atext
_btxt
_2rdacontent
337 _acomputer
_bc
_2rdamedia
338 _aonline resource
_bcr
_2rdacarrier
520 _aEnvironmental Management
653 _aEnvironmental Management
856 _uhttps://docs.google.com/spreadsheets/d/1yKIrdCPDAG_9c22mwoOIO2DOhtj65Wqa/edit?usp=sharing&ouid=106555315294820607512&rtpof=true&sd=true
_yList of Curated E-Books
942 _cE-BOOK
999 _c93055
_d93052